Leaders of the Labour Party (UK) by Picture - Statistics

General Stats
  • This quiz has been taken 148 times
  • The average score is 11 of 16
Answer Stats
Picture Hint Answer % Correct
1994 - 2007 Tony Blair
99%
2007 - 2010 Gordon Brown
96%
1963 George Brown
88%
2015 - 2020 Jeremy Corbyn
86%
2020 - Present Keir Starmer
85%
1963 - 1976 Harold Wilson
78%
2010 - 2015 Ed Miliband
77%
1935 - 1955 Clement Attlee
74%
1976 - 1980 James Callaghan
73%
1980 - 1983 Michael Foot
67%
1983 - 1992 Neil Kinnock
67%
2010, 2015 (acting) Harriet Harman
52%
1992 - 1994* John Smith
43%
1994 (acting) Margaret Beckett
42%
1955 - 1963 Hugh Gaitskell
25%
1955 Herbert Morrison
15%
No matching quizzes found
Score Distribution
Percent of People with Each Score
Percentile by Number Answered
Your Score History
You have not taken this quiz